Introduction to statistical time series
Guardat en:
| Autor principal: | |
|---|---|
| Format: | Llibre |
| Idioma: | anglès |
| Publicat: |
Nueva York
John Wiley and Sons
1996
|
| Edició: | 2a. ed |
| Col·lecció: | Wiley Series in Probability and Statistics
|
| Matèries: | |
| Etiquetes: |
Afegir etiqueta
Sense etiquetes, Sigues el primer a etiquetar aquest registre!
|
MARC
| LEADER | 00000nam a2200000 a 4500 | ||
|---|---|---|---|
| 001 | UCI5915 | ||
| 003 | CL-VaPUC | ||
| 008 | 080411e19960000US |||||||||||||||||eng|d | ||
| 020 | |a 0471552399 | ||
| 082 | 0 | 4 | |a 519.55 |b FUL |2 21 |
| 100 | 0 | |a Fuller, Wayne A |e author |9 528568 | |
| 245 | 1 | 0 | |a Introduction to statistical time series |
| 250 | |a 2a. ed | ||
| 300 | |a 698 p | ||
| 942 | |c BK | ||
| 945 | |d 20080411 00:00:00 |a jtorresc | ||
| 260 | |a Nueva York |b John Wiley and Sons |c 1996 | ||
| 650 | 0 | |a Análisis de regresión |9 263763 | |
| 650 | 0 | |a Series cronológicas |9 528569 | |
| 650 | 0 | |a Estadística matemática |9 260028 | |
| 650 | 7 | |a SERIES DE TIEMPO |2 CL-VaPUC |9 424864 | |
| 583 | |a last modification |c 20080411 00:00:00 |k Rodrigo Vera | ||
| 490 | 0 | |a Wiley Series in Probability and Statistics | |
| 999 | |c 329555 |d 329553 | ||
| 952 | |0 0 |1 0 |4 0 |6 519_550000000000000_FUL_1996 |7 0 |8 R |9 414434 |a BIBGIM |b BIBGIM |d 2019-11-22 |i 4427823 |o 519.55 FUL 1996 |p 4427823 |r 2025-01-15 |w 2019-11-22 |y BK_R |k EST | ||